• AIU
  • Tony Wilmot Memorial Library

The world in between : Christian healing and the struggle for spiritual survival / (Record no. 22312)

MARC details
000 -LEADER
fixed length control field 00857nam a22002531a 4500
001 - CONTROL NUMBER
control field 1142059
005 - DATE AND TIME OF LATEST TRANSACTION
control field 20170408020003.0
008 - FIXED-LENGTH DATA ELEMENTS--GENERAL INFORMATION
fixed length control field 850321s1984 enk b 00010 eng d
020 ## - INTERNATIONAL STANDARD BOOK NUMBER
International Standard Book Number 1850650055
Terms of availability £3.95 (pbk)
020 ## - INTERNATIONAL STANDARD BOOK NUMBER
International Standard Book Number 1850650055
Terms of availability
-- .95 (pbk)
035 ## - SYSTEM CONTROL NUMBER
System control number (OCoLC)ocm11832447
035 ## - SYSTEM CONTROL NUMBER
System control number (CTUdb)10533
040 ## - CATALOGING SOURCE
Original cataloging agency IWT
Transcribing agency IWT
Modifying agency UIU
-- CTUdb
043 ## - GEOGRAPHIC AREA CODE
Geographic area code f------
100 10 - MAIN ENTRY--PERSONAL NAME
Personal name Milingo, Emmanuel,
Dates associated with a name 1930-
245 14 - TITLE STATEMENT
Title The world in between : Christian healing and the struggle for spiritual survival /
Statement of responsibility, etc by E. Milingo ; edited, with introduction, commentary and epilogue, by Mona Macmillan.
Medium [Text]
260 0# - PUBLICATION, DISTRIBUTION, ETC. (IMPRINT)
Place of publication, distribution, etc London
Name of publisher, distributor, etc C. Hurst
Place of publication, distribution, etc London
Name of publisher, distributor, etc Orbis,
Date of publication, distribution, etc c1984
300 ## - PHYSICAL DESCRIPTION
Extent vi, 138 p. ; 22 cm.
504 ## - BIBLIOGRAPHY, ETC. NOTE
Bibliography, etc Bibliography: p. 138.
650 #0 - SUBJECT ADDED ENTRY--TOPICAL TERM
Topical term or geographic name as entry element Spiritual healing.
651 #0 - SUBJECT ADDED ENTRY--GEOGRAPHIC NAME
Geographic name Africa
General subdivision Religion.
700 10 - ADDED ENTRY--PERSONAL NAME
Personal name Macmillan, Mona,
Dates associated with a name 1908-
942 00 - ADDED ENTRY ELEMENTS (KOHA)
Koha issues (borrowed), all copies 6
Holdings
Withdrawn status Lost status Source of classification or shelving scheme Damaged status Not for loan Collection code Home library Current library Shelving location Date acquired Source of acquisition Cost, normal purchase price Total Checkouts Total Renewals Full call number Barcode Date last seen Date checked out Copy number Price effective from Koha item type
    Library of Congress Classification     General Circulation AIU/NEGST - Tony Wilmot Memorial Library AIU/NEGST - Tony Wilmot Memorial Library General Stacks 12/01/2009 Donation 12.00 6 1 BT 732.5 .M55 1984 R14969W3232 09/26/2019 04/07/2017 1 12/01/2009 Books